[Event "Capablanca mem Mixto"]
[Site "La Habana CUB"]
[Date "2005.05.10"]
[Round "5.6"]
[White "Ramon, Vivian"]
[Black "Iturrizaga, Eduardo"]
[Result "1-0"]
[WhiteElo "2198"]
[BlackElo "2225"]
[PlyCount "99"]
[EventDate "2005.05.06"]
[EventType "tourn"]
[EventRounds "1"]
[EventCountry "CUB"]
[EventCategory "3"]
[Source "lmi"]
[SourceDate "2005.05.22"]

1. d4 Nf6 2. c4 c5 3. d5 b5 4. cxb5 a6 5. f3 axb5 6. e4 Qa5+ 7. Bd2 b4 8. Na3
d6 9. Nc4 Qc7 10. a3 bxa3 11. Rxa3 Rxa3 12. bxa3 Nbd7 13. Qa4 e6 14. Ba5 Qb8
15. Nb6 exd5 16. exd5 Be7 17. Bb5 Bd8 18. Nxc8 Bxa5+ 19. Qxa5 Qxc8 20. Qd2 O-O
21. Ne2 Nb6 22. Nc3 Qa8 23. a4 Nbxd5 24. Nxd5 Qxd5 25. Qxd5 Nxd5 26. Kd2 Rb8
27. Re1 Kf8 28. Kd3 Nb4+ 29. Kc4 Nc2 30. Re2 Na3+ 31. Kd5 Nxb5 32. axb5 Rxb5
33. Kxd6 c4 34. Rc2 g6 35. h4 Rb4 36. Kc5 Ra4 37. Rxc4 Ra2 38. g4 Ra3 39. Rf4
Ke7 40. g5 Ke6 41. Rf6+ Ke7 42. Kd5 Ra4 43. f4 h5 44. Ke5 Ra1 45. Rb6 Re1+ 46.
Kd5 Rh1 47. Rb7+ Kf8 48. f5 gxf5 49. Ke5 f4 50. Kf6 1-0

[Event "Capablanca mem Mixto"]
[Site "La Habana CUB"]
[Date "2005.05.11"]
[Round "6.1"]
[White "Pazos Gambarrotti, Plinio"]
[Black "Iturrizaga, Eduardo"]
[Result "1/2-1/2"]
[WhiteElo "2421"]
[BlackElo "2225"]
[PlyCount "204"]
[EventDate "2005.05.06"]
[EventType "tourn"]
[EventRounds "1"]
[EventCountry "CUB"]
[EventCategory "3"]
[Source "lmi"]
[SourceDate "2005.05.22"]

1. Nf3 Nf6 2. g3 d5 3. Bg2 h6 4. O-O Bf5 5. c4 e6 6. d4 c6 7. Nc3 Be7 8. Nd2
Bh7 9. e4 dxc4 10. Nxc4 b5 11. Ne5 b4 12. Na4 O-O 13. Re1 Qa5 14. b3 Rd8 15.
Bb2 Qa6 16. Qc2 Nfd7 17. Nd3 Qb7 18. Rac1 a5 19. Qe2 Qb5 20. Qe3 Na6 21. Bf1
Qb7 22. Nf4 Nc7 23. Qe2 Bg5 24. Qf3 Nb5 25. h4 Bxf4 26. Qxf4 Rac8 27. Qe3 Nd6
28. Bg2 Nb5 29. Red1 Nb6 30. d5 Nd7 31. dxe6 fxe6 32. Bh3 Nf8 33. Nb6 Rxd1+ 34.
Rxd1 Rb8 35. Nc4 Ra8 36. Nd6 Qd7 37. e5 Nc7 38. Rc1 Ng6 39. Nc4 Nd5 40. Qc5 Nf8
41. Nxa5 Qa7 42. Qxa7 Rxa7 43. Nxc6 Rxa2 44. Bd4 Kf7 45. Bc5 Nd7 46. Nd8+ Ke8
47. Nxe6 Nxe5 48. Nxg7+ Kd8 49. Rd1 Nf3+ 50. Kh1 Nd2 51. Bf5 Bxf5 52. Nxf5 Nc3
53. Re1 Nde4 54. Bb6+ Kd7 55. Kg2 h5 56. Ng7 Kc6 57. Bd4 Kd5 58. Be3 Nf6 59.
Kf3 Rb2 60. Ra1 Rxb3 61. Ra5+ Kd6 62. Nxh5 Nfd5 63. Nf4 Nxe3 64. fxe3 Ra3 65.
Rg5 b3 66. Nd3 Ra2 67. Rg6+ Kc7 68. Rg7+ Kb6 69. Rg8 Kc7 70. h5 b2 71. Nxb2
Rxb2 72. g4 Rh2 73. Rg6 Rh3+ 74. Kg2 Rxe3 75. h6 Re8 76. g5 Ne4 77. Rg7+ Kd6
78. Kf3 Nxg5+ 79. Rxg5 Rh8 80. Rg6+ Ke7 81. Kg4 Kf7 82. Kf5 Ra8 83. Rg7+ Kf8
84. Kg6 Ra6+ 85. Kh7 Rb6 86. Rg8+ Kf7 87. Ra8 Re6 88. Ra1 Rf6 89. Ra8 Re6 90.
Ra7+ Kf8 91. Ra3 Rf6 92. Rg3 Kf7 93. Rb3 Kf8 94. Rb8+ Kf7 95. Rc8 Re6 96. Rc3
Rf6 97. Rg3 Kf8 98. Rg7 Rf7 99. Kh8 Rf6 100. h7 Rf5 101. Ra7 Rf6 102. Ra4 Rf1
1/2-1/2

[Event "Capablanca mem Mixto"]
[Site "La Habana CUB"]
[Date "2005.05.11"]
[Round "6.2"]
[White "Pina, Sulennis"]
[Black "Ramon, Vivian"]
[Result "1-0"]
[WhiteElo "2330"]
[BlackElo "2198"]
[PlyCount "113"]
[EventDate "2005.05.06"]
[EventType "tourn"]
[EventRounds "1"]
[EventCountry "CUB"]
[EventCategory "3"]
[Source "lmi"]
[SourceDate "2005.05.22"]

1. Nc3 d5 2. e4 d4 3. Nce2 e5 4. Nf3 Nc6 5. Ng3 g6 6. c3 Bg7 7. Bc4 Nge7 8. h4
h6 9. cxd4 Nxd4 10. Nxd4 Qxd4 11. d3 Qd6 12. h5 Be6 13. Bxe6 Qxe6 14. hxg6 fxg6
15. Qa4+ Nc6 16. Be3 h5 17. O-O-O O-O 18. Kb1 Rad8 19. Ne2 Rf7 20. g3 Rfd7 21.
Nc1 a6 22. f4 exf4 23. gxf4 Nd4 24. Rdg1 c5 25. f5 gxf5 26. Qd1 Qe5 27. Qxh5
Ne6 28. Rg2 c4 29. Qh7+ Kf8 30. Qxf5+ Rf7 31. Qxe5 Bxe5 32. dxc4 Rf3 33. Bh6+
Kf7 34. Rh5 Kf6 35. Bg5+ Nxg5 36. Rgxg5 Bd4 37. Rf5+ Rxf5 38. Rxf5+ Ke6 39. Rd5
Rxd5 40. exd5+ Kd6 41. Kc2 b5 42. b3 a5 43. Kd3 Bb2 44. Ne2 Kc5 45. Nc3 bxc4+
46. bxc4 Kb4 47. Nb5 Bf6 48. a3+ Kc5 49. Nc3 Be5 50. Ne4+ Kb6 51. a4 Bb2 52.
c5+ Kc7 53. Kc4 Ba3 54. Kb5 Bb4 55. d6+ Kd7 56. c6+ Kc8 57. Nc5 1-0

[Event "Capablanca mem Mixto"]
[Site "La Habana CUB"]
[Date "2005.05.11"]
[Round "6.4"]
[White "Perez, Angel"]
[Black "Ordaz Valdes, Lisandra"]
[Result "0-1"]
[WhiteElo "2406"]
[BlackElo "2252"]
[PlyCount "68"]
[EventDate "2005.05.06"]
[EventType "tourn"]
[EventRounds "1"]
[EventCountry "CUB"]
[EventCategory "3"]
[Source "lmi"]
[SourceDate "2005.05.22"]

1. d4 d5 2. Nc3 Bf5 3. Bg5 Nf6 4. f3 Nc6 5. e4 dxe4 6. d5 Nb8 7. Bxf6 exf6 8.
fxe4 Bg6 9. Qd4 Bd6 10. Nf3 O-O 11. O-O-O Nd7 12. g4 Ne5 13. Nxe5 Bxe5 14. Qc4
Bxc3 15. bxc3 Qd6 16. Bd3 Rfe8 17. Kb2 b5 18. Qd4 c5 19. dxc6 Qxc6 20. Qd5 Qc7
21. Rhe1 Rac8 22. Qb3 Re5 23. Rd2 Rc5 24. h4 Rxc3 25. Qd5 Rc5 26. Qd4 Rd8 27.
Qe3 Qe5+ 28. Kb1 Rd4 29. a3 Rc3 30. Kc1 Rxa3 31. Kd1 h5 32. g5 fxg5 33. Qxg5
Ra1+ 34. Ke2 Rxe4+ 0-1

[Event "Capablanca mem Mixto"]
[Site "La Habana CUB"]
[Date "2005.05.11"]
[Round "6.5"]
[White "Leon Hoyos, Manuel"]
[Black "Frois, Antonio"]
[Result "1-0"]
[WhiteElo "2376"]
[BlackElo "2356"]
[PlyCount "135"]
[EventDate "2005.05.06"]
[EventType "tourn"]
[EventRounds "1"]
[EventCountry "CUB"]
[EventCategory "3"]
[Source "lmi"]
[SourceDate "2005.05.22"]

1. e4 c5 2. Nf3 g6 3. d4 cxd4 4. Qxd4 Nf6 5. Nc3 Nc6 6. Qa4 d6 7. e5 dxe5 8.
Nxe5 Bd7 9. Nxd7 Qxd7 10. Be3 Bg7 11. Rd1 Qc7 12. Be2 O-O 13. O-O a6 14. Qh4
Rfd8 15. a4 Rac8 16. Rxd8+ Rxd8 17. Qc4 Qa5 18. Rd1 Rxd1+ 19. Bxd1 Nd7 20. Be2
Qb4 21. Qxb4 Nxb4 22. Bd1 Bxc3 23. bxc3 Nd5 24. Bd2 N7b6 25. Bf3 e6 26. Kf1 Kf8
27. Ke2 Nc4 28. Kd3 Ne5+ 29. Kd4 Nxf3+ 30. gxf3 Ke8 31. Kc5 Kd7 32. a5 f6 33.
c4 Ne7 34. Bc3 f5 35. h3 Nc6 36. f4 Kc7 37. h4 Kd7 38. Kb6 Kc8 39. Kc5 Kc7 40.
Bd2 Nb8 41. Bb4 Nd7+ 42. Kd4 Kc6 43. Be7 b6 44. axb6 Kxb6 45. f3 Kc7 46. Bb4
Kc6 47. Ba5 Kb7 48. Bd8 Kc6 49. Ba5 h6 50. Bd8 e5+ 51. fxe5 Nf8 52. Bf6 Ne6+
53. Kc3 a5 54. Be7 g5 55. hxg5 hxg5 56. Ba3 Kd7 57. Kd3 Nf4+ 58. Kd4 Ne6+ 59.
Ke3 Kc6 60. Be7 a4 61. Ba3 Kb6 62. Kd3 Kc6 63. Bc1 Nc5+ 64. Kc3 g4 65. fxg4
fxg4 66. Kd4 Ne6+ 67. Ke4 Kc5 68. Kf5 1-0

[Event "Capablanca mem Mixto"]
[Site "La Habana CUB"]
[Date "2005.05.11"]
[Round "6.6"]
[White "Arribas, Maritza"]
[Black "Mascaro March, Pedro"]
[Result "1-0"]
[WhiteElo "2280"]
[BlackElo "2389"]
[PlyCount "103"]
[EventDate "2005.05.06"]
[EventType "tourn"]
[EventRounds "1"]
[EventCountry "CUB"]
[EventCategory "3"]
[Source "lmi"]
[SourceDate "2005.05.22"]

1. e4 d6 2. d4 g6 3. Nc3 Nf6 4. Bg5 c6 5. Qd2 Bg7 6. Nf3 b5 7. a3 a6 8. Be2 O-O
9. O-O Bb7 10. Rad1 Qc7 11. Rfe1 c5 12. Bxf6 Bxf6 13. e5 Bg7 14. dxc5 dxe5 15.
b4 e6 16. Bf1 Bxf3 17. gxf3 Nc6 18. Ne4 Nd4 19. Bg2 Rad8 20. Qc1 Qe7 21. c3 Nf5
22. Qg5 f6 23. Qc1 Bh6 24. Qc2 Bf4 25. Rxd8 Rxd8 26. Rd1 Kf7 27. a4 Rd5 28.
axb5 axb5 29. Bf1 Qd7 30. Ra1 Nh4 31. Qe2 f5 32. Nd6+ Kg7 33. Qxb5 Qe7 34. Qb7
Nxf3+ 35. Kh1 Qxb7 36. Nxb7 Rd2 37. Bg2 Nxh2 38. c6 e4 39. Nc5 Kf6 40. Na6 Ng4
41. c7 Nxf2+ 42. Kg1 Bxc7 43. Nxc7 e3 44. Ra6 Ng4 45. Nxe6 Rd1+ 46. Bf1 Ke5 47.
Nd4 f4 48. Kg2 Rd2+ 49. Be2 Rb2 50. Re6+ Kd5 51. Kf3 Nh2+ 52. Kxf4 1-0

[Event "Capablanca mem Mixto"]
[Site "La Habana CUB"]
[Date "2005.05.12"]
[Round "7.2"]
[White "Frois, Antonio"]
[Black "Arribas, Maritza"]
[Result "1/2-1/2"]
[WhiteElo "2356"]
[BlackElo "2280"]
[PlyCount "47"]
[EventDate "2005.05.06"]
[EventType "tourn"]
[EventRounds "1"]
[EventCountry "CUB"]
[EventCategory "3"]
[Source "lmi"]
[SourceDate "2005.05.22"]

1. e4 e6 2. d4 d5 3. Nd2 c5 4. Ngf3 Nc6 5. exd5 exd5 6. Bb5 Bd6 7. dxc5 Bxc5 8.
O-O Nge7 9. Nb3 Bb6 10. Re1 O-O 11. Be3 Re8 12. Bxb6 axb6 13. Qd2 h6 14. a3 Qc7
15. Re3 Bg4 16. Nfd4 Nf5 17. Nxf5 Bxf5 18. Rae1 Rxe3 19. Rxe3 Rd8 20. Rg3 Qe5
21. c3 d4 22. Bxc6 bxc6 23. Nxd4 Qd6 24. Rf3 1/2-1/2

[Event "Capablanca mem Mixto"]
[Site "La Habana CUB"]
[Date "2005.05.12"]
[Round "7.3"]
[White "Ordaz Valdes, Lisandra"]
[Black "Leon Hoyos, Manuel"]
[Result "0-1"]
[WhiteElo "2252"]
[BlackElo "2376"]
[PlyCount "120"]
[EventDate "2005.05.06"]
[EventType "tourn"]
[EventRounds "1"]
[EventCountry "CUB"]
[EventCategory "3"]
[Source "lmi"]
[SourceDate "2005.05.22"]

1. d4 d6 2. e4 g6 3. c3 Bg7 4. Nf3 Nf6 5. Nbd2 O-O 6. Be2 e5 7. dxe5 dxe5 8.
O-O Qe8 9. Qc2 Nbd7 10. b3 Qe7 11. a4 b6 12. Ba3 c5 13. Bc4 Bb7 14. Rfe1 h6 15.
Nf1 Rfd8 16. Ng3 a6 17. Bb2 Nf8 18. Rad1 Qe8 19. h3 b5 20. axb5 axb5 21. Bf1
N6h7 22. Rxd8 Rxd8 23. Rd1 Rc8 24. c4 b4 25. h4 h5 26. Qd2 Bf6 27. Qe3 Nd7 28.
Rd3 Ndf8 29. Qd2 Bc6 30. Ng5 Ne6 31. Nxe6 Qxe6 32. Rd6 Qe7 33. Ne2 Bxh4 34. g3
Bf6 35. Bh3 Rc7 36. Kf1 Nf8 37. f3 h4 38. gxh4 Bxh4 39. Bg4 Bg5 40. Qd3 Nh7 41.
f4 exf4 42. e5 Nf8 43. e6 f5 44. Bxf5 gxf5 45. Qxf5 Bh6 46. Qe5 Ng6 47. Qh5
Qxd6 48. Qxg6+ Bg7 49. Kf2 Re7 50. Qg4 Qxe6 51. Qxe6+ Rxe6 52. Bxg7 Kxg7 53.
Nxf4 Rf6 54. Ke3 Rxf4 55. Kxf4 Kf6 56. Ke3 Ke5 57. Kd2 Kd4 58. Kc2 Be4+ 59. Kb2
Kd3 60. Ka1 Kc3 0-1

[Event "Capablanca mem Mixto"]
[Site "La Habana CUB"]
[Date "2005.05.12"]
[Round "7.4"]
[White "Marrero, Yaniet"]
[Black "Perez, Angel"]
[Result "1-0"]
[WhiteElo "2291"]
[BlackElo "2406"]
[PlyCount "73"]
[EventDate "2005.05.06"]
[EventType "tourn"]
[EventRounds "1"]
[EventCountry "CUB"]
[EventCategory "3"]
[Source "lmi"]
[SourceDate "2005.05.22"]

1. e4 e6 2. d4 d5 3. e5 c5 4. c3 Nc6 5. Nf3 Bd7 6. Be2 f6 7. O-O fxe5 8. Nxe5
Nxe5 9. dxe5 Qc7 10. c4 O-O-O 11. Re1 d4 12. Bf3 Nh6 13. Bg5 Re8 14. Bh5 g6 15.
Bf6 Rg8 16. Bf3 Bc6 17. Nd2 Nf7 18. Bxc6 Qxc6 19. Ne4 Bg7 20. b4 cxb4 21. Qxd4
Kb8 22. a3 Rd8 23. Qe3 Bh6 24. f4 b3 25. Bxd8 Rxd8 26. Nd6 Nxd6 27. exd6 Qxc4
28. Qxe6 Qc5+ 29. Kh1 b2 30. Rab1 Qxa3 31. d7 Bxf4 32. Qc4 Bc7 33. Re8 a6 34.
Rxd8+ Bxd8 35. Qc8+ Ka7 36. Qxd8 Qa1 37. Qa8+ 1-0

[Event "Capablanca mem Mixto"]
[Site "La Habana CUB"]
[Date "2005.05.12"]
[Round "7.5"]
[White "Ramon, Vivian"]
[Black "Hernandez, Tania"]
[Result "1/2-1/2"]
[WhiteElo "2198"]
[BlackElo "2227"]
[PlyCount "199"]
[EventDate "2005.05.06"]
[EventType "tourn"]
[EventRounds "1"]
[EventCountry "CUB"]
[EventCategory "3"]
[Source "lmi"]
[SourceDate "2005.05.22"]

1. d4 Nf6 2. c4 c5 3. d5 e6 4. Nc3 exd5 5. cxd5 d6 6. e4 g6 7. f4 Bg7 8. e5
dxe5 9. fxe5 Nfd7 10. e6 fxe6 11. dxe6 Qh4+ 12. g3 Bxc3+ 13. bxc3 Qe4+ 14. Qe2
Qxe2+ 15. Bxe2 Nf8 16. e7 Ne6 17. Nf3 Nc6 18. O-O Kxe7 19. Bh6 Bd7 20. Ng5 Ncd8
21. Rae1 Kd6 22. Nf7+ Nxf7 23. Rxf7 Rad8 24. Bg4 Rhe8 25. Rf6 Kd5 26. c4+ Kxc4
27. Bxe6+ Bxe6 28. Rfxe6 Rxe6 29. Rxe6 Rd1+ 30. Kf2 Ra1 31. Re2 b5 32. Rc2+ Kd3
33. Rxc5 Rxa2+ 34. Kf3 Rxh2 35. Bg7 b4 36. Rb5 Kc4 37. Ra5 b3 38. Rxa7 Kd3 39.
Rb7 Kc2 40. Ke3 h5 41. Kf4 h4 42. g4 Rf2+ 43. Ke3 Rg2 44. Kf3 h3 45. Be5 Rg1
46. Rc7+ Kb1 47. Rh7 Re1 48. Bh8 Rh1 49. Kf2 b2 50. Rb7 h2 51. Rxb2+ Kc1 52.
Kg2 Rg1+ 53. Kxh2 Rxg4 54. Bg7 Rh4+ 55. Kg3 Rh7 56. Bf6 Rh5 57. Ra2 Rf5 58. Bd4
Rd5 59. Be3+ Kb1 60. Rg2 Rd6 61. Kf3 Rc6 62. Ke4 Rc2 63. Rxg6 Kb2 64. Bd4+ Kb3
65. Kd3 Rc8 66. Rb6+ Ka4 67. Rb1 Ka5 68. Ke4 Ka4 69. Kd5 Ka3 70. Bc5+ Ka2 71.
Rb5 Rh8 72. Kc4 Rc8 73. Kc3 Rh8 74. Rb2+ Ka1 75. Bd4 Rd8 76. Rb4 Ka2 77. Kc2
Ka3 78. Bc3 Rg8 79. Rb5 Rg2+ 80. Bd2 Rg4 81. Ra5+ Ra4 82. Rb5 Rg4 83. Rb1 Ka2
84. Rb3 Rh4 85. Re3 Rc4+ 86. Bc3 Ka3 87. Re5 Rg4 88. Rc5 Rh4 89. Be1 Rh2+ 90.
Bd2 Rh4 91. Re5 Rg4 92. Kc3 Rg7 93. Be3 Ka4 94. Kc4 Ka3 95. Bd4 Ka2 96. Re2+
Kb1 97. Bc3 Rg8 98. Kb3 Rb8+ 99. Bb4 Rc8 100. Re7 1/2-1/2

[Event "Capablanca mem Mixto"]
[Site "La Habana CUB"]
[Date "2005.05.12"]
[Round "7.6"]
[White "Iturrizaga, Eduardo"]
[Black "Pina, Sulennis"]
[Result "1-0"]
[WhiteElo "2225"]
[BlackElo "2330"]
[PlyCount "83"]
[EventDate "2005.05.06"]
[EventType "tourn"]
[EventRounds "1"]
[EventCountry "CUB"]
[EventCategory "3"]
[Source "lmi"]
[SourceDate "2005.05.22"]

1. e4 c5 2. Nc3 e5 3. Nf3 d6 4. Bc4 Nc6 5. d3 Be7 6. Nd2 Nf6 7. Nf1 b6 8. a4
O-O 9. Ne3 Rb8 10. Bd2 Be6 11. O-O Nd4 12. a5 Bxc4 13. dxc4 Qd7 14. Ra3 Bd8 15.
Be1 g6 16. f3 Nh5 17. Ncd5 Bg5 18. h4 Bd8 19. Rd3 Ne6 20. Nxb6 Qe7 21. Rxd6 Nd4
22. Rd5 Bxb6 23. axb6 Nf4 24. c3 f5 25. cxd4 cxd4 26. g3 Nxd5 27. Nxd5 Qe6 28.
Bb4 Rf7 29. Kg2 Rd8 30. Qd3 Kg7 31. exf5 gxf5 32. Re1 f4 33. g4 a5 34. Bxa5 Qc6
35. b3 Ra8 36. Rxe5 Rxa5 37. Qxd4 Kf8 38. Re2 Rg7 39. Qxf4+ Rf7 40. Qb8+ Kg7
41. Qe5+ Kg8 42. Ne7+ 1-0

[Event "Capablanca mem Mixto"]
[Site "La Habana CUB"]
[Date "2005.05.13"]
[Round "8.2"]
[White "Hernandez, Tania"]
[Black "Iturrizaga, Eduardo"]
[Result "1-0"]
[WhiteElo "2227"]
[BlackElo "2225"]
[PlyCount "65"]
[EventDate "2005.05.06"]
[EventType "tourn"]
[EventRounds "1"]
[EventCountry "CUB"]
[EventCategory "3"]
[Source "lmi"]
[SourceDate "2005.05.22"]

1. Nf3 Nf6 2. c4 g6 3. b3 Bg7 4. Bb2 c5 5. g3 Nc6 6. Bg2 O-O 7. O-O d6 8. d3 e5
9. Nc3 Nh5 10. Qd2 f5 11. h3 h6 12. Rab1 g5 13. Ba1 Be6 14. a3 a5 15. e3 Rf7
16. Rbd1 Ne7 17. Qe2 Nf6 18. Nh2 Ng6 19. f4 Qf8 20. fxg5 hxg5 21. d4 exd4 22.
exd4 Re8 23. Qd2 f4 24. Qd3 Kh7 25. gxf4 Nh5 26. Ne4 Nhxf4 27. Nxg5+ Kg8 28.
Rxf4 Rxf4 29. Qxg6 Bf5 30. Bd5+ Kh8 31. Qh5+ Bh6 32. dxc5+ Re5 33. cxd6 1-0

[Event "Capablanca mem Mixto"]
[Site "La Habana CUB"]
[Date "2005.05.13"]
[Round "8.3"]
[White "Perez, Angel"]
[Black "Ramon, Vivian"]
[Result "1/2-1/2"]
[WhiteElo "2406"]
[BlackElo "2198"]
[PlyCount "60"]
[EventDate "2005.05.06"]
[EventType "tourn"]
[EventRounds "1"]
[EventCountry "CUB"]
[EventCategory "3"]
[Source "lmi"]
[SourceDate "2005.05.22"]

1. e4 e5 2. Nf3 Nc6 3. Bb5 a6 4. Ba4 d6 5. Bxc6+ bxc6 6. d4 f6 7. Nc3 g6 8. Be3
Nh6 9. dxe5 fxe5 10. Qe2 Nf7 11. Qc4 Bd7 12. h4 h6 13. h5 g5 14. Nd2 Qf6 15.
Nb3 Nd8 16. Na5 Qf7 17. f3 Qxc4 18. Nxc4 Be6 19. Na5 d5 20. Na4 d4 21. Bd2 c5
22. b3 Rb8 23. Nb2 Bd6 24. g4 Rf8 25. Ke2 Kd7 26. Nd3 Nc6 27. Nxc6 Kxc6 28. c4
Rf7 29. Ba5 Rbf8 30. Raf1 Re8 1/2-1/2

[Event "Capablanca mem Mixto"]
[Site "La Habana CUB"]
[Date "2005.05.13"]
[Round "8.4"]
[White "Leon Hoyos, Manuel"]
[Black "Marrero, Yaniet"]
[Result "1/2-1/2"]
[WhiteElo "2376"]
[BlackElo "2291"]
[PlyCount "160"]
[EventDate "2005.05.06"]
[EventType "tourn"]
[EventRounds "1"]
[EventCountry "CUB"]
[EventCategory "3"]
[Source "lmi"]
[SourceDate "2005.05.22"]

1. e4 e5 2. Nf3 Nc6 3. Bc4 Nf6 4. d3 Be7 5. c3 O-O 6. Nbd2 d5 7. Bb3 Re8 8. O-O
Bf8 9. Re1 h6 10. exd5 Nxd5 11. Nc4 Bd6 12. d4 e4 13. Nfe5 Bxe5 14. Nxe5 Bf5
15. f3 Nxe5 16. dxe5 Nb6 17. Qxd8 Raxd8 18. fxe4 Rxe5 19. Bf4 Rxe4 20. Rxe4
Bxe4 21. Re1 Bc6 22. Re7 Nd5 23. Bxc7 Rc8 24. Bxd5 Bxd5 25. a4 Bb3 26. a5 a6
27. Kf2 Bd5 28. g3 Bc6 29. Bb6 Re8 30. Rc7 f6 31. b4 Re4 32. Be3 h5 33. h4 Kf8
34. Bd4 Kg8 35. Bc5 g5 36. hxg5 fxg5 37. Bd4 h4 38. Rg7+ Kf8 39. Rxg5 hxg3+ 40.
Rxg3 Ke7 41. Rg7+ Ke6 42. Be3 Kd5 43. Ke2 Kc4 44. Kd2 Rh4 45. Bd4 Rh2+ 46. Ke3
Rh4 47. Re7 Rg4 48. Re5 Bd5 49. Rf5 Re4+ 50. Kf2 Rg4 51. Be5 Re4 52. Kg3 Re3+
53. Kh4 Rf3 54. Rg5 Be6 55. Rg7 Rf7 56. Rg6 Kd5 57. Bg7 Rf3 58. Rg1 Ke4 59. Bd4
Kf4 60. Rh1 Bf5 61. Bg7 Bg4 62. Bd4 Be6 63. Rh2 Bf5 64. Bg7 Bg4 65. Bh6+ Kf5
66. Bd2 Rd3 67. Be1 Re3 68. Rh1 Bf3 69. Rf1 Ke4 70. Kg5 Rd3 71. Rf2 Re3 72. Rf1
Rd3 73. Kh4 Ke3 74. Kg3 Ke2 75. Rg1 Rd1 76. Bf2 Rxg1+ 77. Bxg1 Bc6 78. Kf4 Kd3
79. Bd4 Kc4 80. Be5 Bg2 1/2-1/2

[Event "Capablanca mem Mixto"]
[Site "La Habana CUB"]
[Date "2005.05.13"]
[Round "8.5"]
[White "Arribas, Maritza"]
[Black "Ordaz Valdes, Lisandra"]
[Result "1/2-1/2"]
[WhiteElo "2280"]
[BlackElo "2252"]
[PlyCount "81"]
[EventDate "2005.05.06"]
[EventType "tourn"]
[EventRounds "1"]
[EventCountry "CUB"]
[EventCategory "3"]
[Source "lmi"]
[SourceDate "2005.05.22"]

1. d4 d5 2. Nf3 Nf6 3. Bg5 Ne4 4. Bf4 e6 5. Nbd2 Nxd2 6. Qxd2 Bd6 7. e3 Nd7 8.
Bd3 Nf6 9. Bg5 O-O 10. O-O b6 11. e4 dxe4 12. Bxf6 Qxf6 13. Bxe4 Ba6 14. Bxa8
Bxf1 15. Rxf1 Rxa8 16. Rd1 Rd8 17. Qe2 Qf5 18. g3 h6 19. Rd3 Qb5 20. b3 Qa5 21.
c4 Qf5 22. Kg2 g6 23. d5 exd5 24. Rxd5 Qf6 25. Nd4 a6 26. Nc6 Rf8 27. Rd3 Bc5
28. Qf3 Kg7 29. b4 Qxf3+ 30. Kxf3 Bd6 31. Re3 Kf6 32. Ke2 a5 33. b5 Bc5 34. Re4
Kg7 35. f4 f5 36. Re5 Bd6 37. Re6 Kf7 38. Re3 Kf6 39. Kf3 g5 40. Re1 Rg8 41.
Ne5 1/2-1/2

[Event "Capablanca mem Mixto"]
[Site "La Habana CUB"]
[Date "2005.05.13"]
[Round "8.6"]
[White "Mascaro March, Pedro"]
[Black "Frois, Antonio"]
[Result "1/2-1/2"]
[WhiteElo "2389"]
[BlackElo "2356"]
[PlyCount "46"]
[EventDate "2005.05.06"]
[EventType "tourn"]
[EventRounds "1"]
[EventCountry "CUB"]
[EventCategory "3"]
[Source "lmi"]
[SourceDate "2005.05.22"]

1. d4 d5 2. Nf3 c5 3. c4 e6 4. cxd5 exd5 5. Nc3 Nc6 6. g3 Nf6 7. Bg2 Be7 8. O-O
O-O 9. Bg5 cxd4 10. Nxd4 h6 11. Be3 Re8 12. Rc1 Bf8 13. Nxc6 bxc6 14. Na4 Bd7
15. Bc5 Bxc5 16. Nxc5 Bg4 17. Re1 Qa5 18. h3 Bf5 19. Qd4 Rab8 20. a3 Qb5 21. b3
a5 22. Qf4 Bg6 23. e3 Be4 1/2-1/2

[Event "Capablanca mem Mixto"]
[Site "La Habana CUB"]
[Date "2005.05.14"]
[Round "9.1"]
[White "Frois, Antonio"]
[Black "Pazos Gambarrotti, Plinio"]
[Result "1-0"]
[WhiteElo "2356"]
[BlackElo "2421"]
[PlyCount "115"]
[EventDate "2005.05.06"]
[EventType "tourn"]
[EventRounds "1"]
[EventCountry "CUB"]
[EventCategory "3"]
[Source "lmi"]
[SourceDate "2005.05.22"]

1. e4 c5 2. Nf3 e6 3. d3 Nc6 4. g3 d5 5. Qe2 Nf6 6. Bg2 Be7 7. O-O O-O 8. e5
Nd7 9. c4 Re8 10. Re1 a6 11. h4 b5 12. Bf4 Nb6 13. b3 Bb7 14. Rd1 Qd7 15. Na3
Nb4 16. Nc2 a5 17. Na3 Ba6 18. Nxb5 Bxb5 19. cxb5 Qxb5 20. a4 Qa6 21. Bf1 Rec8
22. Nd2 Rab8 23. Rab1 Rb7 24. Qf3 Qa7 25. Qg4 Nc6 26. Nf3 Nd7 27. d4 Qb8 28.
Ba6 Rxb3 29. Rxb3 Qxb3 30. Nd2 Qb8 31. Re1 Nb4 32. Bxc8 Qxc8 33. dxc5 Nxc5 34.
Nb3 Ncd3 35. Qe2 Bxh4 36. Nxa5 Be7 37. Bd2 Qc2 38. Qd1 Qxd1 39. Rxd1 Nxe5 40.
Bxb4 Bxb4 41. Rb1 Bf8 42. Rb8 g5 43. Nb3 Kg7 44. a5 Nc6 45. a6 Nxb8 46. a7 Nd7
47. a8=Q Nf6 48. Qb8 h6 49. Kg2 Ba3 50. Qa7 Bb2 51. Nc5 Kg6 52. Nd7 Ne4 53. f3
Nd6 54. Qb8 Nc4 55. Qg8+ Bg7 56. Kf2 h5 57. Ke2 g4 58. f4 1-0

[Event "Capablanca mem Mixto"]
[Site "La Habana CUB"]
[Date "2005.05.14"]
[Round "9.2"]
[White "Ordaz Valdes, Lisandra"]
[Black "Mascaro March, Pedro"]
[Result "1/2-1/2"]
[WhiteElo "2252"]
[BlackElo "2389"]
[PlyCount "64"]
[EventDate "2005.05.06"]
[EventType "tourn"]
[EventRounds "1"]
[EventCountry "CUB"]
[EventCategory "3"]
[Source "lmi"]
[SourceDate "2005.05.22"]

1. d4 Nf6 2. Nf3 c5 3. d5 b5 4. Bg5 Ne4 5. Bh4 g6 6. Qd3 Qa5+ 7. c3 Nd6 8. e4
Bg7 9. Nbd2 b4 10. e5 bxc3 11. exd6 cxd2+ 12. Qxd2 Qxd2+ 13. Kxd2 e6 14. Rc1
O-O 15. Rxc5 exd5 16. Be7 Re8 17. Bb5 Ba6 18. a4 Bb7 19. Rc7 Bc6 20. Rc1 Bh6+
21. Bg5 Bxg5+ 22. Nxg5 Rd8 23. b3 a6 24. Bxc6 Nxc6 25. Nxf7 Kxf7 26. R1xc6 Ke6
27. Rb6 Rdb8 28. Rcb7 Rxb7 29. Rxb7 Kxd6 30. Rb6+ Kc5 31. a5 d4 32. Kd3 d6
1/2-1/2

[Event "Capablanca mem Mixto"]
[Site "La Habana CUB"]
[Date "2005.05.14"]
[Round "9.4"]
[White "Ramon, Vivian"]
[Black "Leon Hoyos, Manuel"]
[Result "0-1"]
[WhiteElo "2198"]
[BlackElo "2376"]
[PlyCount "86"]
[EventDate "2005.05.06"]
[EventType "tourn"]
[EventRounds "1"]
[EventCountry "CUB"]
[EventCategory "3"]
[Source "lmi"]
[SourceDate "2005.05.22"]

1. d4 d6 2. c4 e5 3. dxe5 dxe5 4. Qxd8+ Kxd8 5. Nf3 f6 6. Nc3 Be6 7. e3 c6 8.
b3 Kc7 9. Bb2 a5 10. Bd3 Na6 11. O-O-O Nc5 12. Bc2 a4 13. Nd2 axb3 14. axb3 Nh6
15. h3 Be7 16. g4 Nf7 17. f4 h5 18. f5 Bd7 19. Nde4 Na6 20. Ng3 hxg4 21. hxg4
Bc5 22. Kd2 Nh6 23. Rh4 Rad8 24. Ke2 Nxg4 25. Rxd7+ Kxd7 26. Rxg4 Rh2+ 27. Kd1
Nb4 28. Nce2 Kc8+ 29. Kc1 Bxe3+ 30. Kb1 Nxc2 31. Kxc2 Rd2+ 32. Kb1 Bh6 33. Re4
Rd1+ 34. Kc2 Rg1 35. Kc3 Rgg2 36. Ba3 Bf4 37. Bf8 Bxg3 38. Nxg3 Rxg3+ 39. Kb4
b6 40. c5 b5 41. Re1 Rb2 42. Rd1 Rgxb3+ 43. Ka5 Kc7 0-1

[Event "Capablanca mem Mixto"]
[Site "La Habana CUB"]
[Date "2005.05.14"]
[Round "9.6"]
[White "Pina, Sulennis"]
[Black "Hernandez, Tania"]
[Result "1-0"]
[WhiteElo "2330"]
[BlackElo "2227"]
[PlyCount "69"]
[EventDate "2005.05.06"]
[EventType "tourn"]
[EventRounds "1"]
[EventCountry "CUB"]
[EventCategory "3"]
[Source "lmi"]
[SourceDate "2005.05.22"]

1. e4 c5 2. Nf3 d6 3. c3 Nf6 4. Bd3 g6 5. O-O Bg7 6. Bc2 O-O 7. h3 e5 8. d4
exd4 9. cxd4 Nc6 10. Be3 cxd4 11. Nxd4 Nb4 12. Nc3 Nxc2 13. Qxc2 Bd7 14. Rfd1
Qe7 15. Bg5 Bc6 16. Nxc6 bxc6 17. Qa4 Rac8 18. Rac1 Rfe8 19. Be3 Nxe4 20. Nxe4
Qxe4 21. Qxe4 Rxe4 22. Rxd6 Bxb2 23. Rcxc6 Rxc6 24. Rxc6 Ra4 25. Rc8+ Kg7 26.
Rc2 Bd4 27. Bc1 h5 28. Kf1 Kf6 29. Ke2 Ke6 30. Kd3 Bb6 31. a3 Rd4+ 32. Kc3 Rd1
33. f3 Rd5 34. Kb4 Ba5+ 35. Kc4 1-0